[Event "Interpolis"]
[Site "Tilburg"]
[Date "1992.10.08"]
[Round "1.1"]
[White "Lobron, Eric"]
[Black "Georgiev, Kiril"]
[Result "1/2-1/2"]
[WhiteElo "2625"]
[BlackElo "2610"]
[Annotator "Ftacnik,L"]
[PlyCount "87"]
[EventDate "1992.10.08"]
[EventType "k.o."]
[EventRounds "7"]
[EventCountry "NED"]
[SourceTitle "CBM 032"]
[Source "ChessBase"]
[SourceDate "1993.02.01"]
[SourceVersion "1"]
[SourceVersionDate "1993.02.01"]
[SourceQuality "1"]

1. d4 Nf6 2. c4 e6 3. Nf3 d5 4. Nc3 Be7 5. Bg5 h6 6. Bh4 O-O 7. e3 b6 8. Be2
Bb7 9. Bxf6 Bxf6 10. cxd5 exd5 11. b4 c5 12. bxc5 bxc5 13. Rb1 Qa5 14. Qd2 cxd4
15. Nxd4 Bxd4 16. exd4 Ba6 17. Nb5 Qd8 18. O-O Nc6 (18... Nd7 19. Rfc1 Nf6 20.
f3 $5 Re8 21. a4 Re7 22. Bd3 Bc8 $2 23. Qf4 $1 $16 {Vaganian,R-Geller,E/New
York op/1990/}) 19. Rfd1 (19. Rbd1 Qf6 20. Bf3 Rab8 21. a4 Rfd8 22. Qc3 Bc8 23.
Rc1 a6 24. Qxc6 Qxc6 25. Rxc6 axb5 $10 {Yusupov,A-Beliavsky,A/Linares/1988/})
19... Qf6 (19... Qd7 20. a4 Rab8 21. Rbc1 Bb7 22. Qf4 Rfd8 23. Rc5 a6 24. Nc3
Qd6 25. Qxd6 Rxd6 26. Rxd5 $14 {Georgiev,Ki-Beliavsky,A/Biel/1992/}) 20. a4
Rab8 (20... Rfd8 21. Rb3 Rac8 22. h3 Qg5 23. Qxg5 hxg5 24. Rg3 f6 25. Bg4 Rb8
26. Rc3 $16 {Azmayparashvili,Z-Short,N/Manila olm/1992/}) 21. Bf1 Bc8 (21...
Rfc8 22. Rb3 $1 Bxb5 23. axb5 Nd8 24. Qa2 $1 { 25.<<a3, 25.<<e3, 25.<<f3} Rc7
25. Ra3 Qf5 26. Re3 $16 {Karpov,An-Short,N/Linares (m/7)/1992/}) 22. Rbc1 a6
23. Nc7 Qd6 24. Qc3 Qxc7 25. Qxc6 Qxc6 26. Rxc6 Rb4 27. a5 Ra4 28. Rdc1 (28.
Bxa6 Be6 29. Bb7 Rxa5 30. Rc5 Ra4 31. Bc6 Rb4 32. Bxd5 Rd8 33. Bxe6 fxe6 $10 {
Georgiev,Kir-Kotronias,V/Elenite/1992/}) 28... Be6 29. Rxa6 Rb8 (29... Rxd4 30.
Ra1 $1 $16) 30. Rd1 g5 31. f3 Rbb4 32. Ra7 Rxd4 33. Rxd4 Rxd4 34. a6 Kg7 35.
Rc7 Ra4 36. Bb5 Ra1+ 37. Kf2 Kf6 38. Ke3 (38. a7 Ke5 39. Bc6 Kd6) 38... Ke5 39.
Kd2 d4 40. Rc5+ Kd6 41. Rc6+ Kd5 42. Rc2 Kd6 43. Rc6+ Kd5 44. Rc2 1/2-1/2

[Event "Candidates final"]
[Site "El Escorial"]
[Date "1993.??.??"]
[Round "1"]
[White "Timman, Jan H"]
[Black "Short, Nigel D"]
[Result "1/2-1/2"]
[WhiteElo "2635"]
[BlackElo "2655"]
[Annotator "Ftacnik,L"]
[PlyCount "92"]
[EventDate "1993.01.??"]
[EventType "match"]
[EventRounds "13"]
[EventCountry "ESP"]
[SourceTitle "Candidates"]
[Source "ChessBase"]
[SourceDate "1999.07.01"]
[SourceVersion "2"]
[SourceVersionDate "1999.07.01"]
[SourceQuality "1"]

1. d4 d5 2. c4 e6 3. Nc3 Nf6 4. Bg5 Be7 5. e3 O-O 6. Nf3 h6 7. Bh4 b6 8. Be2
Bb7 9. Bxf6 Bxf6 10. cxd5 exd5 11. b4 c6 12. O-O Re8 (12... Qd6 13. Qb3 Nd7 14.
Rfe1 Rad8 15. Rab1 Rfe8 16. Bd3 Ba8 $13 {Speelman,J-Short,N/London cm (1)/1988/
}) 13. Qb3 a5 (13... Nd7 $2 14. Rad1 a6 15. a4 Nf8 16. a5 $1 bxa5 17. bxa5 Rb8
18. Na4 Ne6 19. Qc3 $16 {Kasparov,G-Ehlvest,J/Belgrad/1989/}) (13... Qd6 $5 14.
a4 Nd7 15. a5 Rad8 16. axb6 axb6 17. Ra7 Qb8 18. Rfa1 b5 19. Ne1 Nb6 20. Nd3
Na4 21. Ra5 Bxd4 22. exd4 Nxc3 23. Qxc3 Rxe2 24. Ne5 f6 25. Qd3 Rb2 26. Qc3 $10
{Nikolic,Pr-Short,N/Manila izt/1990/}) 14. b5 (14. a3 Nd7 15. b5 c5 16. Nxd5
Bxd4 $1 (16... Bxd5 17. Qxd5 Ne5 18. Qb3 Nxf3+ 19. Bxf3 Rc8 20. Bc6) 17. Rad1 (
17. exd4 Rxe2 18. Rfe1 $5) 17... Ne5 $1 18. Nxe5 Bxd5 19. Nc4 Qg5 $10 {Karpov,
An-Short,N/Amsterdam/1991/}) (14. bxa5 Rxa5 15. Rfe1 Nd7 16. e4 c5 $1 17. Nxd5
Bxd5 18. exd5 cxd4 $13 {Hulak,Kr-Short,N/EU-chT Debrecen/1992/}) 14... c5 15.
dxc5 bxc5 16. Rac1 (16. Rad1 d4 17. Na4 Nd7) 16... Bxc3 (16... d4 17. Rfd1 $1 (
17. exd4 $2 cxd4 18. Rfd1 Nd7 19. Nxd4 Bxd4 20. Rxd4 Qg5 21. Bf1 Ne5 22. Rdd1
Nf3+ 23. Kh1 Qf4 24. g3 Nd4+ 25. Kg1 Qf3 $19) 17... Nd7 18. Nd5 dxe3 19. Nxf6+
gxf6 20. fxe3 $14) (16... Nd7 17. Na4 Rc8) 17. Qxc3 Nd7 18. Rc2 Qb6 (18... Rc8
19. Rd1 Nf6) 19. Rd1 Re7 20. h3 Rae8 21. Qb2 a4 22. Kf1 $5 (22. Bf1 d4 $1 23.
exd4 Bxf3 24. gxf3 $13) 22... Qa5 $2 (22... Nf8 $5 23. Qa3 Ne6 24. Qxa4 d4 25.
exd4 Nf4 26. dxc5 Qg6 27. Qxf4 Qxc2 28. Nd4 Qxc5 $17) (22... Nf6 23. Qa3 Ne4
24. Qxa4 $13) 23. Qa3 d4 $6 (23... Qa8) (23... f5 $5 24. g3 f4 25. gxf4 d4 26.
exd4 Be4 $13) (23... Re4 24. Nd2 Rb4 25. Rb2 (25. Nc4 dxc4 26. Rxd7 Qxb5) (25.
Nb3 $2 axb3 26. Qxa5 bxc2 27. Rc1 Ra8 28. Qc7 Rb1 $19) 25... Rxb2 26. Qxb2) 24.
exd4 Be4 (24... Bxf3 25. Qxf3 (25. gxf3 $5 c4 26. Bxc4 Re1+ 27. Rxe1 Rxe1+ 28.
Kg2 Qb6 29. Bd3 $14) 25... cxd4 26. Qd5 $16) 25. Qc3 $1 (25. Rcd2 c4 $1 (25...
Bxf3 26. Qxf3 c4 $5 $13 (26... cxd4 27. Qd5 Qb6 28. Bc4 Qc7 $1 29. Qxd4 Qh2))
26. Bxc4 Bxf3 27. gxf3 (27. Qxf3 $2 Qxd2 28. Rxd2 Re1#) 27... Qc7 28. Qd3 Qh2
$19) (25. Rcc1 Bxf3 26. Bxf3 Qxb5+ 27. Kg1 (27. Qd3 Re1+ 28. Rxe1 Qxd3+) 27...
cxd4 28. Rxd4 $140 Re1+ 29. Rxe1 Rxe1+ 30. Kh2 Qe5+) 25... Qa8 (25... Qc7 26.
Rcd2 Bxf3 27. Bxf3 (27. Qxf3 Qh2 28. g4 cxd4 29. Rxd4 Rxe2 30. Rxd7 Rxf2+ 31.
Qxf2 Qh1+ 32. Qg1 Qf3+ 33. Qf2 Qh1+ $10) 27... Qh2 28. g3 Qxh3+ 29. Bg2 $14) (
25... Qxc3 26. Rxc3 Bxf3 27. Bxf3 cxd4 28. Rcd3 (28. Rc7 d3 29. g3 $14) 28...
Ne5 29. Rxd4 Nxf3 30. gxf3 Re5 31. Rb4 $16) 26. Rcd2 cxd4 27. Rxd4 $6 (27. Qxd4
Nf6 28. Ne1 $14) 27... Nf6 28. Qa3 Qb7 (28... Qb8 29. Qxe7 $1 Rxe7 30. Rd8+ $18
) 29. Rd8 (29. Qxa4 Bd5 (29... Nd5 30. Qb3 Nf4 31. Bc4 Nxh3 32. Rd8 $16) 30.
R1d2 Ne4 $1 31. Rxd5 Nc3 32. Qa6 Qxa6 33. bxa6 Nxd5 34. Bb5 Rc8 $1) 29... Nd5
30. Rxe8+ Rxe8 31. Bc4 (31. Ne1 Nf4 32. Bf3 Qxb5+ $19) (31. Qxa4 Nc3 32. Qb3
Nxe2 $1 $19) (31. Nd4 Bxg2+ 32. Kxg2 Ne3+ $19) 31... Rc8 $1 (31... Nf4 $5) (
31... Nb6 32. Bd3 Bxf3 33. gxf3 Nd5 34. Qc5 $16) 32. Ne5 $2 (32. Bxd5 Qxb5+ 33.
Kg1 Bxd5 34. Nd4 Qd7 $15) (32. Rd4 Rxc4 33. Rxc4 Qxb5 34. Nd2 Nb6) 32... Bxg2+
$2 (32... Rxc4 $1 33. Nxc4 Qxb5 34. Rc1 (34. Rd4 $2 Qb1+ 35. Ke2 Nf4+ 36. Ke3
Nxg2+ 37. Ke2 Qe1#) (34. Qc1 Nb6 35. f3 Bf5 $1) 34... Nb6 35. Qb2 Bc6 $1 36.
Qe2 Nxc4 37. Rxc4 (37. Qxc4 Qxc4+ 38. Rxc4 Bb5 $19) 37... Qb1+ 38. Qe1 Bxg2+
39. Ke2 Qxa2+ 40. Kd3 Qb3+ $19) 33. Kg1 (33. Kxg2 Ne3+ 34. Kg3 Qg2+ 35. Kf4
Qxf2+ 36. Ke4 Nxc4 $19) 33... Be4 $2 (33... Nf4 $1 34. Bxf7+ Kh7 35. Qd6 Bxh3
$13) 34. Rd4 $2 (34. Nc6 $1 Rxc6 (34... Nf4 35. Ne7+ Kh7 36. Nxc8 Qxc8 37. Bf1
$18) 35. bxc6 Qxc6 36. Rd4 Nf4 37. Kh2 $16) 34... Nf6 35. Bxf7+ (35. Nxf7 Rxc4
36. Nxh6+ gxh6 37. Rxc4 Qxb5 $17) 35... Kh8 (35... Kh7 36. Rxe4 Nxe4 37. Qd3
$36) 36. Kh2 $2 (36. Be6 Qxb5 37. Nf7+ Kh7 38. Bxc8 Qb1+ 39. Kh2 Qh1+ 40. Kg3
Nh5+ 41. Kh4 Qg2 42. Qe3 (42. Rxe4 Qxe4+ 43. Bg4 g5+ 44. Nxg5+ hxg5+ 45. Kxg5
Qg6+ 46. Kh4 Qf6+ 47. Kxh5 Qh6#) 42... g5+ 43. Nxg5+ hxg5+ 44. Qxg5 Qxf2+ 45.
Kxh5 Qf7+ 46. Kh4 Qf2+ 47. Qg3 Qf6+ 48. Kg4 Qg7+ 49. Kf4 Qc7+ 50. Kg4 Qg7+ $10)
(36. Bc4 $1 $16) 36... Qxb5 37. Qg3 Qb1 (37... Qf1 38. Qg1 $10) 38. Rxe4 (38.
Qg1 Qb2 $1 (38... Rc1 $2 39. Ng6+ $1 Bxg6 (39... Kh7 40. Rd8) 40. Rd8+ Kh7 41.
Bxg6+ Qxg6 42. Rh8+ Kxh8 43. Qxg6)) (38. Nf3 $5) 38... Qxe4 $2 (38... Nxe4 $1
39. Qf4 (39. Qg4 Qc2) 39... Ng5 40. Bg6 Qc1 41. Qf5 Qc5 42. Kg2 Qd5+ 43. f3
Qxa2+ 44. Kg3 Qe6 45. Nf7+ Kg8 46. Nxg5 Qxf5 47. Bxf5 Rc6 48. Be4 Rd6 $19) 39.
Bg6 Qd4 (39... Qb4 40. Bf5 $1 (40. Nf7+ $6 Kg8 41. Nxh6+ Kf8 42. Nf5 Qb8 $1 $17
) 40... Rc3 41. Ng6+ Kg8 42. Qe5 $132) 40. Nf7+ Kg8 41. Nxh6+ $1 Kf8 (41...
gxh6 42. Bf5+ Ng4+ $5 $15) 42. Nf5 Qc5 (42... Qd5 $5 43. Qe3 (43. Qa3+ Qc5) (
43. Nxg7 Rc1 44. Qa3+ Kxg7 45. Qxc1 Kxg6 46. Qc2+ Qe4) 43... Qc5 44. Nd4 Kg8
$17) 43. Nxg7 $1 Kxg7 44. Bf5+ Kf8 (44... Kf7 45. Qg6+ Ke7 46. Qg7+) 45. Bxc8
Qxc8 46. Qa3+ Kg7 1/2-1/2

[Event "Candidates final"]
[Site "El Escorial"]
[Date "1993.??.??"]
[Round "3"]
[White "Timman, Jan H"]
[Black "Short, Nigel D"]
[Result "0-1"]
[WhiteElo "2635"]
[BlackElo "2655"]
[Annotator "Ftacnik,L"]
[PlyCount "88"]
[EventDate "1993.01.??"]
[EventType "match"]
[EventRounds "13"]
[EventCountry "ESP"]
[SourceTitle "Candidates"]
[Source "ChessBase"]
[SourceDate "1999.07.01"]
[SourceVersion "2"]
[SourceVersionDate "1999.07.01"]
[SourceQuality "1"]

1. d4 {Knaak} d5 2. c4 e6 3. Nc3 Nf6 4. Bg5 Be7 5. e3 O-O 6. Nf3 h6 7. Bh4 b6
8. Be2 (8. cxd5 Nxd5 9. Bxe7 Qxe7 10. Nxd5 exd5 11. Rc1 Be6 12. Qa4 a5 13. a3
c5 {Timman-Short/Tilburg/1988/}) 8... Bb7 9. Bxf6 Bxf6 10. cxd5 exd5 11. O-O c6
12. b4 Re8 13. Qb3 a5 14. b5 (14. a3 {Knaak} Nd7 15. b5 c5 16. Nxd5 Bxd4 17.
Rad1 Ne5 18. Nxe5 Bxd5 19. Nc4 Qg5 20. g3 Qf5 21. Rfe1 Qe4 22. f3 Qxe3+ $1 $10
{Karpov-Short/Amsterdam/1991}) (14. Rab1 $5 {Knaak}) 14... c5 15. dxc5 (15.
Rad1 $5 {Knaak}) 15... bxc5 16. Rac1 Bxc3 (16... Nd7 {Knaak} 17. Na4 $1 Rc8 18.
Ne1 d4 19. Bg4 $1 {(Bönsch)}) 17. Qxc3 Nd7 18. Rfd1 (18. Rc2 Qb6 19. Rd1 Re7
20. h3 Rae8 21. Qb2 {Timman,J-Short,N (1)/Escoreal cf/1993/}) 18... Qb6 (18...
d4 19. exd4 $5 (19. Qd2 Qe7 20. Bf1 Rad8 21. exd4 Bxf3 22. gxf3 Ne5 23. Bg2
Rxd4 24. Qxa5 Qg5 $44) 19... Rxe2 20. dxc5 Bxf3 (20... Rxa2 21. c6 Qb6 22. Qd4
Qxd4 23. Nxd4 $16) (20... Rc8 21. c6 Qb6 22. Qd4 Qxb5 23. cxd7 Rd8 24. Rb1 $18)
21. Qxf3 Qe8 22. c6 Nb6 (22... Nf6 23. c7 Rc8 24. Rd8 $1 $18) 23. c7 Kh7 (23...
Rxa2 24. Qxa8 $3 Qxa8 25. Rd8+ $18) 24. g3 Rc8 (24... Rxa2 25. Rd6 $1 Qxb5 26.
Qxa8 Nxa8 27. c8=Q $18) 25. Rd6 Re1+ 26. Rxe1 Qxe1+ 27. Kg2 Rxc7 (27... Na8 28.
Qf5+ g6 29. Qxf7+ Kh8 30. Rd8+ $18) 28. Rxb6 $16) 19. Bf1 (19. Ne1 $5 {Knaak})
19... Rac8 20. h3 (20. a4 $1 Nf6 21. Nd2 d4 $6 22. Nc4 $1) 20... Nf6 21. Nd2 c4
(21... d4 22. Nc4 Qxb5 23. Qxa5 (23. exd4 cxd4 24. Qxd4 $14) 23... Qxa5 24.
Nxa5 Bd5 25. Bb5 $1 Red8 26. exd4 cxd4 27. Rxc8 Rxc8 28. a4 $16) (21... a4 $5
22. Qa3 c4 $36) 22. a4 Re6 23. Rc2 (23. Qb2 $5 {Knaak (Bönsch)} Rce8 24. Nb1 $1
Ne4 $2 (24... Re5 $13) 25. Nc3 Nc5 $6 26. Nxd5 Bxd5 27. Rxd5 Nxa4 28. Qa2 Qb7
29. Rdd1 $16) 23... Rce8 24. Nf3 Ne4 25. Qa1 (25. Qd4 Nc5) 25... Rf6 26. Rd4 $2
(26. Nd4 Qc7 $1 (26... Re5 27. g3 (27. Nc6 {Knaak} Rxf2 (27... Rg5 $1) 28. Rxf2
Nxf2 29. Qxe5 Nxd1 30. Qe8+ Kh7 31. Ne7 Qxe3+ 32. Kh1 Nf2+ 33. Kh2 Qe5+ 34. g3
h5 35. Qxf7 $18) 27... Nxg3 28. fxg3 Rxe3 29. Rc3 $1 Re4 30. Ra3 $1) 27. g3
$140 Nxf2 28. Rxf2 Qxg3+ 29. Rg2 Qxe3+ $40) (26. Be2 {/\ Rf1,Nd4}) (26. Be2 $15
{Knaak}) 26... Rxf3 $1 27. gxf3 Qg6+ 28. Bg2 (28. Kh1 Ng3+ 29. fxg3 Qxc2 $17) (
28. Kh2 Ng5) 28... Ng5 29. Rc1 (29. Qd1 Nxf3+ 30. Qxf3 Qxc2 $17) 29... Nxf3+
30. Kf1 (30. Kh1 {Knaak} Nxd4 31. Qxd4 Qf5 $1 32. Qb6 Qc8 $1 (32... Ba8 33. Kg1
$132) 33. Qxa5 $2 d4 $19) 30... Nh2+ 31. Kg1 Nf3+ 32. Kf1 Nxd4 33. Qxd4 Qf5 34.
Kg1 (34. Qa7 Qd3+ 35. Kg1 (35. Ke1 d4 36. Bxb7 dxe3 37. fxe3 Rxe3+ 38. Kf2 Qd2+
$19) 35... Qd2 36. Rf1 Re7 37. Qc5 Qb4 $17) 34... Re5 $1 35. Qa7 Qc8 36. Kf1 (
36. Qxa5 Rg5 37. Kf1 (37. Kh1 d4 38. e4 Bxe4 39. Bxe4 Qxh3#) (37. f4 Qxh3 $1 (
37... Rg6 $1 38. Kf2 d4 39. Bxb7 Qxb7 $19) 38. fxg5 (38. Qd8+ $1 Kh7 39. fxg5
Qxe3+ 40. Kh2 Qf4+ 41. Kh3 Qxc1 42. Qc7 Ba8 43. b6 $13) 38... Qxe3+ 39. Kh2
Qf4+ $1 40. Kg1 Qxc1+ $19) 37... d4 $1 (37... Qf5 $5 $17) 38. Bxb7 Qxb7 (38...
Qxh3+ 39. Ke2 Qg4+ 40. Kd2 dxe3+ 41. Kc3 exf2 $13) 39. Rxc4 Qg2+ 40. Ke2 (40.
Ke1 Qg1+ 41. Ke2 d3+ $19) 40... d3+ $1 41. Kxd3 (41. Kd1 Qf3+) 41... Qf1+ 42.
Kc3 (42. Kd4 {Knaak} Qd1+ 43. Kc3 Qe1+ $19) 42... Qe1+ $19) 36... Rg5 37. Qd4
Qf5 38. f4 $6 Rg6 39. Kf2 Kh7 40. Rd1 $2 (40. Qd2 Qh5 41. Qxa5 $2 Rxg2+ 42.
Kxg2 Qe2+ $19) 40... Qc2+ 41. Rd2 Qxa4 42. b6 (42. Bxd5 Qxb5 (42... Bxd5 {Knaak
} 43. Qxd5 c3 44. Ra2 Qb4 $19) 43. Qxc4 Rg2+ $3 44. Kxg2 Qxc4 45. Bxb7 Qb4 $17)
42... Qb4 43. Rb2 Qe7 44. Ra2 Qh4+ (44... Qh4+ 45. Kf1 Qg3) 0-1

[Event "Baden-Baden"]
[Site "Baden-Baden"]
[Date "1992.12.05"]
[Round "1"]
[White "Karpov, Anatoly"]
[Black "Boensch, Uwe"]
[Result "1-0"]
[WhiteElo "2715"]
[BlackElo "2490"]
[Annotator "Ftacnik,L"]
[PlyCount "81"]
[EventDate "1992.12.??"]
[EventType "tourn"]
[EventRounds "11"]
[EventCountry "GER"]
[EventCategory "14"]
[SourceTitle "CBM 033"]
[Source "ChessBase"]
[SourceDate "1993.04.01"]
[SourceVersion "1"]
[SourceVersionDate "1993.04.01"]
[SourceQuality "1"]

1. d4 Nf6 2. c4 e6 3. Nf3 d5 4. Nc3 Be7 5. Bg5 h6 6. Bh4 O-O 7. e3 b6 8. Be2
Bb7 9. Bxf6 Bxf6 10. cxd5 exd5 11. O-O Re8 12. b4 c6 13. Qb3 Qd6 14. Rfe1 (14.
a4 Nd7 15. a5 b5 (15... Rad8 16. axb6 axb6 17. Ra7 Qb8 18. Ra2 (18. Rfa1 b5 19.
Ne1 Nb6 20. Nd3 Na4 21. Ra5 Bxd4 22. exd4 Nxc3 23. Qxc3 Rxe2 24. Ne5 $10 {
Nikolic,Pr-Short,N/Belgrade/1989/}) 18... b5 19. Ne1 Be7 20. Nd3 Bd6 21. g3 Nb6
22. Bf3 Bc8 23. Rfa1 Bf5 24. Nc5 $14 {Nikolic,P-Short,N/Manila izt (8)/1990/})
16. Ne1 (16. Rac1 a6 17. Rc2 h5 18. Bd3 h4 19. Re1 Be7 20. Rb2 Qf6 21. e4 h3
22. e5 Qe6 23. g3 Nf8 24. Ne2 $13 {Podgaec-Haritonov/Tallinn 1L/1983/}) 16...
Nf8 17. Nd3 Bc8 18. Nc5 Bd8 19. Rfe1 Ne6 20. Bf1 Bc7 21. f4 Nxc5 22. bxc5 Qf6
23. g3 g5 24. fxg5 $14 {Ikonnikov,V-Gazarek,D/Werfen op (9)/1991/}) (14. Ne1
Nd7 15. Nd3 a5 16. a3 axb4 17. axb4 b5 18. Bg4 Nb6 19. Nc5 Qc7 20. Rfd1 Reb8
21. Rxa8 Rxa8 22. e4 dxe4 23. N3xe4 Be7 24. Bh5 $10 {Torre,E-Lalic,B/Saint
John op-1/1988/}) (14. Bd3 Nd7 15. Rfe1 g6 (15... Be7 16. Rab1 Bf8 17. e4 a5
18. a3 axb4 19. axb4 g6 20. h3 Bg7 {0,5/Speelman,J-Short,N/Belfort WCup/1988/})
16. e4 Bg7 17. e5 Qe6 18. Ne2 Nf8 19. g3 Qd7 20. Nf4 Rac8 21. Rac1 Rc7 22. Bf1
Qd8 23. Bh3 Bc8 24. Bxc8 $14 {Karpov,A-Short,N/Belfort WCup/1988/}) (14. Rac1
Nd7 15. Ne1 (15. Rfd1 Rad8 16. Ne1 Nf8 (16... b5 17. a4 a6 18. a5 Be7 19. Nd3
Qe6 20. Bf3 Bd6 21. Ne2 Bb8 22. Rc3 Qd6 23. g3 g6 24. Rdc1 $14 {
Levitt-Petrosian/Polanica Zdroj (4)/1988/}) 17. b5 c5 18. dxc5 bxc5 19. Bf3 c4
20. Qa4 Qc5 21. Ne2 Ne6 22. Nd3 cxd3 23. Rxc5 Nxc5 24. Qxa7 $13 {Botsari,
AM-Geller,Al/Dortmund op (3)/1991/}) 15... Nf8 16. Nd3 Rac8 17. Rfd1 Rc7 18.
Nf4 Ne6 19. Nxe6 Rxe6 20. Bf3 Bd8 21. b5 Qf8 22. bxc6 Rexc6 23. Rc2 Rc4 24. a3
$13 {Buckley,G-Maric,A/Oakham/1990/}) (14. Rad1 Nd7 15. Rfe1 Rad8 16. Bf1 Be7
17. a3 Nf6 18. Ne5 Bc8 19. b5 c5 20. Nc6 c4 21. Qc2 Rd7 22. e4 Qc7 23. Nxd5
Nxd5 24. exd5 $16 {Eslon,J-Glimbrandt,T/Zaragoza op/1992/}) (14. Rfd1 Nd7 15.
Ne1 Nf8 16. Rac1 Ne6 17. Bf1 h5 18. g3 h4 19. Bg2 hxg3 20. hxg3 b5 21. a4 a6 {
0,5/Schneider,A-Kharitonov/Lvov-mm/1985/}) 14... Nd7 15. Bf1 Be7 (15... a5 16.
bxa5 Rxa5 17. e4) 16. Rab1 a5 17. bxa5 Rxa5 18. a4 Ba6 (18... Raa8 19. e4 $14)
19. Bxa6 Rxa6 20. e4 dxe4 21. Nxe4 Qg6 (21... Qd5 $2 22. Qxd5 cxd5 23. Nd6 $18)
22. Re3 Rb8 (22... c5 23. Qb5 Ra7 24. Ne5 $16) 23. Nc3 Bd6 24. Qc4 b5 (24...
Ra7 25. Rbe1 $14) 25. axb5 cxb5 26. Rxb5 Ra1+ 27. Re1 Rxe1+ 28. Nxe1 Re8 (28...
Rxb5 29. Qxb5 $16) 29. Nf3 Qc2 30. g3 Nf6 31. Qb3 Qc1+ (31... Qxb3 32. Rxb3 Rc8
$16) 32. Kg2 Qa1 33. Rb6 Qa3 34. Qc4 (34. Qxa3 Bxa3 $16) 34... Rd8 35. Rb7 Rf8
36. Rb6 Rd8 37. Nb5 Qb4 38. Qc6 (38. Nxd6 Qxb6 39. Qxf7+ Kh7 40. Nf5 Rd7) 38...
Bf8 39. Rb7 Qb3 40. Ne5 Nd5 (40... Qe6 41. Qc7 Qd5+ 42. f3 $16) 41. Nxf7 1-0

[Event "Kropotkin"]
[Site "Kropotkin"]
[Date "1995.??.??"]
[Round "3"]
[White "Lputian, Smbat G"]
[Black "Portisch, Lajos"]
[Result "1/2-1/2"]
[WhiteElo "2630"]
[BlackElo "2585"]
[Annotator "Ftacnik,L"]
[PlyCount "66"]
[EventDate "1995.04.??"]
[EventType "tourn"]
[EventRounds "7"]
[EventCountry "RUS"]
[EventCategory "14"]
[SourceTitle "CBM 047"]
[Source "ChessBase"]
[SourceDate "1995.08.01"]
[SourceVersion "1"]
[SourceVersionDate "1995.08.01"]
[SourceQuality "1"]

1. d4 Nf6 2. c4 e6 3. Nf3 d5 4. Nc3 Be7 5. Bg5 O-O 6. e3 h6 7. Bh4 b6 8. Be2
Bb7 9. Bxf6 Bxf6 10. cxd5 exd5 11. b4 c6 12. O-O Re8 13. Qb3 a5 14. bxa5 Rxa5
15. Rfe1 Re7 (15... Nd7 16. a4 $1 (16. Rab1 Ba6 17. Bxa6 Rxa6 18. a4 Re6 19.
Re2 Be7 20. Qd1 g6 21. Qd3 Ra5 22. Reb2 Kg7 23. g3 Bd6 24. Qc2 {Spraggett,
K-Glimbrandt,T/Manresa op (9)/1993/0.5 (46)}) (16. e4 $6 c5 $1 17. Nxd5 cxd4 (
17... Bxd5 $2 18. exd5 cxd4 19. Bb5 Nc5 $1 20. Qc4 Re4 $1 21. Rad1 $1 Ra3 22.
Nxd4 $2 Rd3 $3 $19 {Hulak,K-Short,N/Debrecen/1992/0-1 (25)}) 18. Bc4 $1 Nc5 19.
Qxb6 Qxb6 20. Nxb6 Rxe4 21. Nd5 $1 Bxd5 22. Bxd5 Rxe1+ 23. Rxe1 $1 Kf8 24. Bb3
$3 $10 {Epishin,V-Vaganian,R/Rostov na Donu/1993/0.5 (31)}) 16... g6 (16... Ba6
$6 17. Bxa6 (17. Rac1 Bxe2 18. Rxe2 c5 19. Nxd5 cxd4 20. Nxf6+ Qxf6 21. Nxd4
Nc5 22. Qd1 Rea8 23. h3 Rxa4 24. Rb1 {Lutz,Ch-Lobron,E/Muenchen 57/(443)/1993/
0.5 (27)}) 17... Rxa6 18. Rad1 (18. e4 dxe4 19. Nxe4 Ra8 20. Rad1 Qc7 21. Qc4
Rac8 22. Rc1 Be7 23. g3 Qb7 24. Rb1 {Brenninkmeijer,J-Hedke,F/Groningen op (04)
/1994/0.5 (45)}) 18... Ra5 19. Re2 $1 (19. e4 dxe4 20. Nxe4 Re6 21. Re3 Rd5 22.
Nxf6+ Qxf6 23. Rxe6 Qxe6 24. Re1 {Gurevich,M-Van der Sterren,P/Wijk op (04)/
1993/0.5 (26)}) 19... Re6 $6 20. Rc2 Qa8 21. Rdc1 Kh7 (21... g6 22. Ne1 Kg7 23.
Nd3 Bg5 24. Nb4 {Van Wely,L-Tisdall,J/Gausdal/1993/Line (25)}) 22. g3 Bd8 23.
Ne1 c5 $2 24. Qb1 $16 {Epishin,V-Goldin,A/Novosibirsk/1993/1-0 (57)}) 17. Rab1
(17. e4 c5 18. Nxd5 cxd4 19. Bb5 Nc5 20. Nxf6+ Qxf6 21. Qb4 Rxe4 22. Rxe4 Bxe4
23. Nxd4 Ra8 24. Qc3 {Karpov,An-Short,N/Monaco rapid (09)/1993/0.5 (41)}) 17...
Bg7 18. Bf1 Ba6 $1 19. Bxa6 Rxa6 20. Rec1 Bf8 21. Ne1 Bd6 22. Nd3 Nf6 23. h3 $2
Qa8 24. Nb4 {Epishin,V-Lutz,Ch/Dortmund/1994/0.5 (53)}) 16. a4 Nd7 17. Bf1 Qe8
18. g3 g6 19. h4 h5 (19... Ba6 20. Bh3 Bc4 21. Qb4 $36) 20. Bh3 Ra6 21. a5 b5
22. e4 $5 dxe4 23. Rxe4 Rxe4 (23... Nf8 24. Rae1 $14) 24. Bxd7 Qe7 (24... Qxd7
25. Nxe4 Bxd4 $5 (25... Be7 26. Nc5 Bxc5 27. dxc5 $14) 26. Rd1 (26. Qd3 c5 27.
Nxc5 Qh3 28. Nxb7 Qxg3+ 29. Kh1 Qh3+ 30. Kg1 Bxa1 $19) 26... Qe7 27. Rxd4 c5
28. Nxc5 Bxf3 (28... Qxc5 $2 29. Rd7 $18) 29. Qxf3 (29. Nxa6 $2 Qe1+) 29...
Qxc5 30. Rd7 Qc4 $10) 25. Nxe4 Qxe4 26. Re1 Qd5 27. Re8+ Kg7 28. Qxd5 cxd5 29.
Rb8 Ba8 (29... Ra7 30. Bxb5 $16) 30. Rxb5 Bd8 31. Ne5 Rxa5 32. Kg2 (32. Rxa5
Bxa5 33. Bc6 Bxc6 34. Nxc6 Bb6 35. Nb4 Bxd4 36. Nxd5 $10) 32... Rxb5 33. Bxb5
Bb6 1/2-1/2

[Event "Interpolis"]
[Site "Tilburg"]
[Date "1992.10.09"]
[Round "1.2"]
[White "Illescas Cordoba, Miguel"]
[Black "Hort, Vlastimil"]
[Result "1/2-1/2"]
[WhiteElo "2600"]
[BlackElo "2560"]
[Annotator "Ftacnik,L"]
[PlyCount "85"]
[EventDate "1992.10.08"]
[EventType "k.o."]
[EventRounds "7"]
[EventCountry "NED"]
[SourceTitle "CBM 032"]
[Source "ChessBase"]
[SourceDate "1993.02.01"]
[SourceVersion "1"]
[SourceVersionDate "1993.02.01"]
[SourceQuality "1"]

1. Nf3 Nf6 2. c4 e6 3. Nc3 d5 4. d4 Be7 5. Bg5 h6 6. Bh4 O-O 7. e3 b6 8. Rc1
Bb7 9. Bxf6 Bxf6 10. cxd5 exd5 11. Bd3 c5 12. O-O cxd4 13. exd4 Nc6 14. Bb1 Re8
15. Qd3 g6 16. Rfe1 (16. a3 Na5 17. Ba2 Kg7 (17... Bg5 18. Nxg5 Qxg5 19. f4 Qh5
20. f5 Rad8 21. fxg6 fxg6 22. Ne4 Rf8 23. Nf6+ Rxf6 24. Rxf6 Kg7 25. Rcf1 Qg5
$18 {Zueger,B-Donev,I/Lenk op/1991/}) 18. b4 Nc4 19. Nxd5 Bxd5 20. Bxc4 Be4 21.
Qb3 Re7 $44 {Ljubojevic,L-Short,N/Luzern tt/1989/}) 16... Qd6 17. a3 Kg7 $146 (
17... Rac8 18. Ba2 Na5 19. Rxe8+ Rxe8 20. b4 Nc4 21. Nxd5 Bxd5 22. Bxc4 Qf4 23.
Rd1 Bxf3 24. Qxf3 Re4 25. Qxf4 Rxf4 26. g3 {0,5/Ftacnik,L-Van der Sterren,P/
Sydney Mercantile/1991/}) (17... Rxe1+ 18. Rxe1 Rd8 19. Ba2 Ne7 20. Ne5 h5 $1
21. Nb5 Qb8 22. h3 Kg7 23. Bb3 $1 Ba6 $5 24. Ba4 Rc8 $1 25. Qd2 Bxb5 26. Bxb5
$14 {Karpov,An-Portisch,L/Skelleftea/1989/}) 18. Re3 Rxe3 19. Qxe3 Rd8 (19...
Rc8 20. Ba2 Na5 21. Nb5 Rxc1+ 22. Qxc1 Qb8 23. Qc7 $14) 20. Re1 Qe7 21. Qd3 Qc7
22. Nb5 (22. Ba2 Ne7 23. Ne5 a6 $14) 22... Qb8 (22... Qd7 23. Ne5 Re8 24. f4
$14) 23. Qe3 Na5 (23... a6 24. Nc3 Na5 25. Bd3 Nc4 26. Bxc4 dxc4 27. Ne5 b5 $13
) 24. Ne5 Nc4 (24... a6 $2 25. Nxf7 $1 Kxf7 26. Qxh6 Rg8 27. Qh7+ Kf8 28. Nc7
$18) 25. Qg3 a6 (25... Re8 26. f4 a6 27. Bxg6 $1) 26. f4 $5 Bxe5 (26... axb5
27. Nxg6 (27. Bxg6 Bxe5 (27... Nxe5 28. dxe5 fxg6 29. exf6+ Kf7 30. Re7+ Kxf6
31. Qh4+ g5 32. Qe1 $18) 28. Bb1+ Kh8 29. Qd3 f5 30. fxe5 $13) 27... Bxd4+ 28.
Kh1 Nxb2 (28... fxg6 29. Qxg6+ Kf8 30. Qf5+ Kg8 31. Re7 $18) 29. Re7 $1 (29.
Ne7+ Kh8 30. Nf5 Rg8 31. Qh4 Bg7 32. Nxh6 Re8 33. Nf5+ Kg8 34. Nxg7 Rxe1+ 35.
Qxe1 Kxg7 36. Qc3+) 29... Kf6 30. Qh4+ Kg7 31. Ne5 $18) 27. dxe5 axb5 28. f5 (
28. e6 $2 Qd6 $19) 28... Nxe5 (28... Nd2 29. fxg6 Nxb1 30. gxf7+ Kxf7 31. e6+
$18) 29. Rxe5 Re8 (29... Kf6 $5 30. Re6+ fxe6 31. Qxg6+ Ke7 32. Qxe6+ Kf8 33.
Qxh6+ Kf7 $10) 30. Rxe8 Qxe8 31. fxg6 fxg6 32. h4 d4 33. Qc7+ Kh8 (33... Qf7
34. Qxb6 $16) 34. Kh2 Be4 35. Ba2 Bf5 36. Qf4 Qe3 37. Qd6 (37. Qb8+ Kg7 38.
Qg8+ Kf6 39. Qf8+ Ke5 40. Qe7+ Kf4 41. Qd6+ Kg4 $1) 37... Kg7 38. Qc7+ Kh8 39.
b4 d3 40. Qd6 Kg7 41. Qc7+ Kf6 42. Qd6+ Kg7 43. Qc7+ 1/2-1/2